Nursing procedures
| Format: | Book |
|---|---|
| Language: | English |
| Published: |
Philadelphia
Lippincott Williams & Wilkins
2004
|
| Edition: | 4th ed. |
| Subjects: |
| LEADER | 00539cam a2200193 a 4500 | ||
|---|---|---|---|
| 001 | 0000077633 | ||
| 005 | 20050818090000.0 | ||
| 040 | |a mod | ||
| 041 | |a eng | ||
| 020 | 0 | 0 | |a 1582552819 |
| 090 | 0 | 0 | |a 610.73 |b NUR |e 2004 |
| 245 | 0 | 0 | |a Nursing procedures |
| 250 | 0 | 0 | |a 4th ed. |
| 260 | 0 | 0 | |a Philadelphia |b Lippincott Williams & Wilkins |c 2004 |
| 300 | 0 | 0 | |a xii, 834 p. |b ill. |c 23 cm |
| 500 | 0 | 0 | |a Includes bibliographical references and index |
| 650 | 0 | 0 | |a Nursing |
| 650 | 0 | 0 | |a Nursing care |
| 999 | |a 0232892 |b INSAN |d BOOKS |e Umum |f INSAN |j AVAILABLE |q GOOD CONDITION | ||